Lancashire CC v Buchanan (Record no. 109135)
[ view plain ]
| 000 -LEADER | |
|---|---|
| fixed length control field | 02494cad a22002655a 4500 |
| 001 - CONTROL NUMBER | |
| control field | L146356 |
| 008 - FIXED-LENGTH DATA ELEMENTS--GENERAL INFORMATION | |
| fixed length control field | 090112e20071107xxk f v 000 0 eng d |
| 035 ## - SYSTEM CONTROL NUMBER | |
| System control number | (Sirsi) u146356 |
| 041 0# - LANGUAGE CODE | |
| Language code of text/sound track or separate title | eng |
| 245 00 - TITLE STATEMENT | |
| Title | Lancashire CC v Buchanan |
| Medium | [electronic resource] |
| 260 ## - PUBLICATION, DISTRIBUTION, ETC. | |
| Date of publication, distribution, etc. | 2008 |
| 520 ## - SUMMARY, ETC. | |
| Summary, etc. | [2007] EWHC 3194 (Admin), 7 November 2007. A judge was found to be right to find that a trading standards officer did not have reasonable grounds to suspect that an estate agent had made a false or misleading statement as regards a property contrary to the Property Misdescriptions Act 1991. Appellant local authority appealed against a decision that trading standards officer (L) did not have grounds to suspect property agent (B) of making a misleading statement as regards the sale of a property. B offered a property for sale featuring a garden, over which any prospective purchaser would have sole use. A prospective purchaser discovered that the vendor did not in fact have a possessory title to the garden, withdrew his offer and contacted L. L then contacted B, who provided letters from the previous owner and other members of the community saying that the property enjoyed sole use of the garden (as originally claimed). L demanded to see papers regarding to the sale of the property and B refused, leading to L charging him under the aforementioned act. Held: appeal dismissed. The judge found that the original judge had been correct to dismiss L's case, as there were no grounds for reasonable suspicion of B. B was selling a property for the vendor that seemed to come with a garden - this was not disputable. B, however, did not claim to the quality of the vendor's title over said garden and this is where any inference had to end. In addition to this, the previous owner had held possession of the garden for several years and there was no reason to presume that this right had not been transferred to the new vendor. |
| 521 ## - TARGET AUDIENCE NOTE | |
| Target audience note | Advanced |
| 590 ## - LOCAL NOTE (RLIN) | |
| Local note | KA |
| 650 24 - SUBJECT ADDED ENTRY--TOPICAL TERM | |
| Topical term or geographic name entry element | LANCASHIRE CC V BUCHANAN |
| 650 24 - SUBJECT ADDED ENTRY--TOPICAL TERM | |
| Topical term or geographic name entry element | BEAULANE PROPERTIES LTD V PALMER |
| 650 24 - SUBJECT ADDED ENTRY--TOPICAL TERM | |
| Topical term or geographic name entry element | DALLISON V CAFFREY |
| 650 24 - SUBJECT ADDED ENTRY--TOPICAL TERM | |
| Topical term or geographic name entry element | PROPERTY MISDESCRIPTIONS ACT |
| 650 24 - SUBJECT ADDED ENTRY--TOPICAL TERM | |
| Topical term or geographic name entry element | PROPERTY MISDESCRIPTIONS (SPECIFIED MATTERS) ORDER 2002 |
| 650 24 - SUBJECT ADDED ENTRY--TOPICAL TERM | |
| Topical term or geographic name entry element | PYE (OXFORD) LTD & ANOR V UNITED KINGDOM |
| 651 #4 - SUBJECT ADDED ENTRY--GEOGRAPHIC NAME | |
| Geographic name | England and Wales |
| Chronological subdivision | 1543- |
| 690 ## - LOCAL SUBJECT ADDED ENTRY--TOPICAL TERM (OCLC, RLIN) | |
| Topical term or geographic name as entry element | PROPERTY-PROPERTY AGENCY |
| 856 40 - ELECTRONIC LOCATION AND ACCESS | |
| Uniform Resource Identifier | <a href="https://www.bailii.org/ew/cases/EWHC/Admin/2007/3194.html">https://www.bailii.org/ew/cases/EWHC/Admin/2007/3194.html</a> |
| Public note | View the item free of charge online at www.bailii.org... |
| 942 ## - ADDED ENTRY ELEMENTS (KOHA) | |
| Suppress in OPAC | 0 |
| Withdrawn status | Lost status | Source of classification or shelving scheme | Damaged status | Not for loan | Home library | Current library | Shelving location | Date acquired | Total Checkouts | Full call number | Barcode | Date last seen | Copy number | Price effective from | Koha item type |
|---|---|---|---|---|---|---|---|---|---|---|---|---|---|---|---|
| Dewey Decimal Classification | Virtual | Virtual | Online | 12/01/2009 | ONLINE PUBLICATION | 146356-1001 | 06/08/2019 | 1 | 06/08/2019 | Book |